Lekári od siete odrezaní

Na Slovensku chýba jednotný informačný systém, ktorý by prepájal lekárov, nemocnice, zdravotné poisťovne a štátne orgány. Nové poznatky, odborné informácie a zaujímavosti o medicíne na webových stránkach.

Na minha lista:
Detalhes bibliográficos
Autor principal: Benka, Marián
Outros Autores: Krištofičová, Dagmar
Formato: Capítulo de Livro
Idioma:eslovaco
Assuntos:
Tags: Adicionar Tag
Sem tags, seja o primeiro a adicionar uma tag!

MARC

LEADER 00000naa a2200000 4500
001 r040944
005 20230920072631.6
041 0 |a slo 
044 |a SK 
245 1 0 |a Lekári od siete odrezaní  |c Marián Benka, Dagmar Krištofičová 
520 |a Na Slovensku chýba jednotný informačný systém, ktorý by prepájal lekárov, nemocnice, zdravotné poisťovne a štátne orgány. Nové poznatky, odborné informácie a zaujímavosti o medicíne na webových stránkach. 
610 2 0 |a zdravotníctvo 
610 2 0 |a lekári 
610 2 0 |a počítače 
610 2 0 |a technológie informačné 
610 2 0 |a technológie komunikačné 
610 2 0 |a systémy informačné 
610 2 0 |a Slovensko 
100 1 |a Benka, Marián 
700 1 |a Krištofičová, Dagmar